Open Data Biblioteca Nacional de Portugal


República Portuguesa: Ministério da Cultura
Biblioteca Nacional de Portugal

Catálogo da BNP: acesso por Identificadores Unívocos
Registos Bibliográficos associados ao registo de autoridade

Etiqueta de registo: 00230nam 2200025 450
001 2018963
003 http://id.bnportugal.gov.pt/bib/catbnp/2018963
010 ## $a978-972-647-346-6
021 ## $aPT$b439775/18
100 ## $a20190404d2018 m b0pory01030103ba
101 0# $apor
102 ## $aPT
105 ## $aa z 000yy
106 ## $ar
200 1# $aSete Cidades$epara além da paisagem$ftextos Bruna Roque... [et al.]$gcoord. Maria Emanuel Albergaria
210 #9 $a[S.l.]$cSecretaria Regional da Educação e Cultura do Governo dos Açores$cDirecção Regional da Cultura Museu Carlos Machado,$d2018
215 ## $a265, [6] p.$cil.$d23 cm
675 ## $a069.5(469.9)$vBN$zpor$31458636
675 ## $a908(469.9)"19/20"(083.82)$vBN$zpor$31749407
675 ## $a77.03$vBN$zpor$3290160
701 #1 $aRoque,$bBruna$4070$31749218
702 #1 $aAlbergaria,$bMaria Emanuel,$f1962-$4340$31468396
801 #0 $aPT$bBN$gRPC
856 41 $uhttp://rnod.bnportugal.gov.pt/ImagesBN/winlibimg.aspx?skey=&doc=2018963&img=123890&save=true
900 ## $aBIBNAC$d20190417
966 ## $lBN$mFGMON$sP. 53111 V.$x1
966 ## $lBN$mFGMON$sP. 53111 V.-D$x1

Etiqueta de registo: 00254nam 2200025 450
001 2284647
003 http://id.bnportugal.gov.pt/bib/catbnp/2284647
010 ## $a978-972-647-445-6
021 ## $aPT$b550269/25
100 ## $a20260417d2025 m b0pory01030103ba
101 0# $apor$aeng
102 ## $aPT
105 ## $aa b 000yy
106 ## $ar
200 1# $a A ilha de Sam Nunca$fAndrea Santolaya$gcoord. Bruna Roque... [et al.]$gtextos Enrique Vila-Matas... [et al.]$gtrad. Maria Rita Boleiro
210 #9 $a[S.l.]$cDireção Regional da Cultura - Museu Carlos Machado,$dcop. 2025
215 ## $a149, [3] p.$cil.$d24 cm
305 ## $aEd. bilingue em português e inglês
702 #1 $aSantolaya,$bAndrea,$f1982-$4040$31966382
702 #1 $aBolero,$bMaria Rita$4730$31996127
702 #1 $aVila-Matas,$bEnrique,$f1948-$4070$3668220
702 #1 $aRoque,$bBruna$4340$31749218
801 #0 $aPT$bBN$gRPC
966 ## $lBN$mFGMON$x1
966 ## $lBN$mFGMON$x1
971 ## $cssilva$d20260417

OpendataBNP@bnportugal.pt | Mais informação sobre acesso aos dados BNP